000 00539nam a2200157 i 4500
001 84527
003 ES-MaACL
005 20230906175030.0
007 t|
008 041123s1965 sp ||||1| spa d
100 1 _aJohnson, Lyndon B.
_966750
245 1 0 _aDiscurso sobre los derechos civiles /
_cpronunciado por Lyndon B. Johnson durante una sesión del Congreso el 15 de Marzo de 1965.
260 _a[Madrid :
_bEmbajada de los Estados Unidos de América,
_c1965]
300 _a11 p. ;
_c21 cm.
852 _aES-MaACL
_j2050-F-15
_bR.56242
999 _c84527
_d84527